[Event "ARG-ch sf 99th"]
[Site "Buenos Aires"]
[Date "2024.06.05"]
[Round "5"]
[White "Pigoni, Luis"]
[Black "Lowe, Felipe"]
[Result "1-0"]
[WhiteElo "1820"]
[BlackElo "1642"]
[PlyCount "114"]
[EventDate "2024.06.01"]
[EventType "swiss"]
[EventRounds "9"]
[EventCountry "ARG"]
[SourceTitle "CB24_2024"]
[SourceDate "2024.06.12"]
[SourceVersion "1"]
[SourceVersionDate "2024.06.12"]
[SourceQuality "1"]

1. c4 e6 2. Nf3 f5 3. g3 Nf6 4. Bg2 Be7 5. 0-0 0-0 6. d4 d6 7. Nc3 Nbd7 8. Qc2 Nh5 9. e4 f4 10. e5 fxg3 11. hxg3 g6 12. Qe4 dxe5 13. Nxe5 Ndf6 14. Qe3 c6 15. Ne4 Nxe4 16. Bxe4 Nf6 17. Bc2 Qc7 18. Qe2 Bd7 19. Bh6 Rfd8 20. Rae1 Be8 21. Nf3 Bf7 22. Ng5 Qd7 23. Nxe6 Bxe6 24. Qxe6+ Qxe6 25. Rxe6 Kf7 26. Rfe1 Bb4 27. R1e2 Ng4 28. Bg5 Rxd4 29. f3 Bc5 30. Kg2 h6 31. Bxg6+ Kg7 32. Bf4 Rxf4 33. gxf4 Nf6 34. f5 Rd8 35. R6e5 Bd6 36. Rd2 Bxe5 37. Rxd8 Bxb2 38. Rb8 b6 39. Rb7+ Kf8 40. Rxa7 Bd4 41. Rc7 b5 42. Rxc6 bxc4 43. Rxc4 Be5 44. Rc8+ Ke7 45. Rh8 h5 46. Bxh5 Nd5 47. Re8+ Kf6 48. Re6+ Kg7 49. Rxe5 Nf4+ 50. Kf1 Nxh5 51. Re6 Nf4 52. Rd6 Nh5 53. a4 Ng3+ 54. Kf2 Nxf5 55. Rd3 Ne7 56. Rd7 Kf6 57. Rxe7 Kxe7 1-0

[Event "ARG-ch sf 99th"]
[Site "Buenos Aires"]
[Date "2024.06.03"]
[Round "3"]
[White "Donda, Jazmin"]
[Black "Lowe, Felipe"]
[Result "0-1"]
[WhiteElo "1847"]
[BlackElo "1642"]
[PlyCount "64"]
[EventDate "2024.06.01"]
[EventType "swiss"]
[EventRounds "9"]
[EventCountry "ARG"]
[SourceTitle "CB24_2024"]
[SourceDate "2024.06.12"]
[SourceVersion "1"]
[SourceVersionDate "2024.06.12"]
[SourceQuality "1"]

1. d4 e6 2. c4 f5 3. Nf3 Nf6 4. Nc3 Bb4 5. Bd2 b6 6. g3 Bb7 7. Bg2 0-0 8. 0-0 d6 9. Re1 Qe7 10. a3 Bxc3 11. Bxc3 Nbd7 12. b4 Ne4 13. Bb2 Rae8 14. Qd3 Ng5 15. Nxg5 Bxg2 16. Nxe6 Be4 17. Qc3 Qxe6 18. d5 Qg6 19. f3 f4 20. fxe4 Rxe4 21. Qd3 fxg3 22. hxg3 Qg4 23. Kg2 Rfe8 24. e3 Qg5 25. Bd4 Nf6 26. Bxf6 Qxf6 27. Ra2 Qg5 28. Rae2 h5 29. Kh2 h4 30. Rg2 Rxe3 31. Qd4 Rxe1 32. gxh4 Qe5+ 0-1